Connais-tu bien Amixem ? - Statistiques

Statistiques générales
  • Ce quiz a été pris 655 fois
  • Le résultat moyen est 8 sur 15
Statistiques - réponses
Question Réponse % Correct
Quel est le réel nom d’Amixem ? Maxime Chabroud
99%
Qui sont les acolytes d’Amixem ? Thomas, Étienne et Yvan
99%
Combien de cheveux Amixem a-t-il ? Un certain nombre
94%
En quelle année Louis XIV a-t-il fait son premier prout ? Bonne réponse
83%
De quel instrument Amixem joue-t-il ? Piano
83%
Où Amixem est-il né ? À Lyon
49%
En quelle année sa chaîne a-t-elle été créé ? 2012
47%
Combien de musique a-t-il publié sur Spotify ? 3
47%
Combien a-t-il d’abonnés cumulés sur sa chaîne YouTube, son compte Instagram et son compte TikTok ? 12,5M
46%
Placement d’Amixem dans le top des youtubeurs français ? 6ème
35%
Combien avait-il de vidéos de sorties (approximativement) sur sa chaîne principale en Mars 2024 ? 950-1000
27%
Pour quelle marque fait-il le doublage lors d’une campagne publicitaire en 2017 ? Babybel
22%
Question ultime !!! Dans quelle saison de l’émission "Lego Master", diffusée sur M6, Amixem fait-il apparition ? Saison 4
22%
Quel est le titre exact de sa première vidéo postée sur sa chaîne tertiaire ? Les 3 le même jour
19%
Quand est il né ? La veille du 5 mars 1991
18%
Aucun quiz correspondant
Distribution des résultats
% des personnes avec chaque résultat
Percentile par nombre de réponses
Votre historique - résultats
Vous n’avez pas pris ce quiz